Návrh stratégie zvýšenia odolnosti voči octanu a vplyv zvýšenej rezistencie na produkciu celulolytických enzýmov v Trichoderma reesei QM6a

Salvato in:
Dettagli Bibliografici
Autore principale: Šuchterová, Michaela (Autore)
Altri autori: Kryštofová, Svetlana (Relatore della tesi)
Natura: Manoscritto Libro
Lingua:slovacco
Pubblicazione: 2024
Soggetti:
Accesso online:http://is.stuba.sk/zp/portal_zp.pl?podrobnosti=176656
Tags: Aggiungi Tag
Nessun Tag, puoi essere il primo ad aggiungerne!!

MARC

LEADER 00000ntm a22000003a 4500
001 stuzp99479
003 SK-STU
005 20240601210830.9
007 ta
008 150427s2015----xo-----f-mn---000-0-slo-d
040 |a STU  |b slo 
041 0 |a slo 
100 1 |a Šuchterová, Michaela  |u 043000  |4 aut  |U FCHPT Fakulta chemickej a potravinárskej technológie  |T FCHPT Ústav biochémie a mikrobiológie  |X 106447  |U C3000  |Y 101  |7 106447 
242 0 1 |a Proposal of a strategy to increase resistance to acetate and the effect of increased resistance on production of cellulolytic enzymes in Trichoderma reesei QM6a  |y eng 
245 1 0 |a Návrh stratégie zvýšenia odolnosti voči octanu a vplyv zvýšenej rezistencie na produkciu celulolytických enzýmov v Trichoderma reesei QM6a 
260 |c 2024 
650 4 |a Trichoderma. reesei  |2 slo 
650 4 |a celulázy  |2 slo 
650 4 |a acu–8  |2 slo 
650 4 |a acu-15  |2 slo 
650 4 |a kyselina octová  |2 slo 
650 4 |a acu-15  |2 eng 
650 4 |a acu–8  |2 eng 
650 4 |a Trichoderma reesei  |2 eng 
650 4 |a cellulases  |2 eng 
650 4 |a acetic acid  |2 eng 
700 1 |a Kryštofová, Svetlana  |u 043000  |k Z1  |4 ths  |U FCHPT Fakulta chemickej a potravinárskej technológie  |T FCHPT Ústav biochémie a mikrobiológie  |X 55152  |U C3000  |Y 101  |7 A000055152 
856 4 |u http://is.stuba.sk/zp/portal_zp.pl?podrobnosti=176656